000 00795cam a22002533a 4500
001 30248
003 PGUSA
005 20140828083643.0
008 091013s2009||||xxu|||||s|||||000 | eng d
040 _aPGUSA
_beng
042 _adc
050 4 _aNC
100 1 _aBarhydt, Jerome A.
245 1 0 _aCrayon Portraiture :
_bComplete Instructions for Making Crayon Portraits on Crayon Paper and on Platinum, Silver and Bromide Enlargements
_h[electronic resource] /
_cJerome A. Barhydt
260 _bProject Gutenberg,
_c2009
506 _aPublic domain in the USA.
516 _aElectronic text
653 _aPhotographs -- Coloring
653 _aCrayon drawing
653 _aColors
830 0 _aProject Gutenberg
_v30248
856 4 0 _uhttp://www.gutenberg.org/ebooks/30248
942 _cEB
999 _c259503
_d259503